00412nam a2200169 a 4500001001300000003000900013005001700022008004100039020000800080082001700088100001700105245002200122260003600144500003500180505001000215700001700225nice12345678IN_TiNIC20260116013852.0050524s0000 lona grp 000 0 eng  ac000a361.763bGUI aGuigt, Irene aMyth of Community aLondonbWatts and Companyc0000 aincludes index and biblioraphy2 aIndex1 aGuigt, Irene